| 000 | 00456nam a22001817a 4500 | ||
|---|---|---|---|
| 003 | CEME | ||
| 005 | 20210628203858.0 | ||
| 008 | 210317b xxu||||| |||| 00| 0 eng d | ||
| 020 | _a0-08-032552-1 | ||
| 040 | _c. | ||
| 082 | _a610.28 CON'N | ||
| 100 |
_aNaleoz, Maciej _967688 |
||
| 245 | _aControl aspects of biomedical engineering | ||
| 260 |
_aOXFORD _bPERGMAN _c1987 |
||
| 300 | _a301P | ||
| 650 |
_aBIOMEDICAL ENGINEERING _9798 |
||
| 942 |
_cBK _2ddc |
||
| 999 |
_c575406 _d575406 |
||